[Event "Reykjavik op"]
[Site "Reykjavik"]
[Date "2023.04.03"]
[Round "8"]
[White "Alfaro Guillen, Jose Raul"]
[Black "Densing, Gerd"]
[Result "1-0"]
[WhiteElo "1983"]
[BlackElo "1777"]
[PlyCount "67"]
[EventDate "2023.03.29"]
[EventType "swiss"]
[EventRounds "9"]
[EventCountry "ISL"]
[SourceTitle "EXT 2024"]
[Source "ChessBase"]
[SourceDate "2023.10.10"]
[SourceVersion "1"]
[SourceVersionDate "2023.10.10"]
[SourceQuality "1"]

1. e4 e6 2. d4 d5 3. Nd2 dxe4 4. Nxe4 Bd7 5. Nf3 Bc6 6. Bd3 Nd7 7. 0-0 Ngf6 8. Qe2 Nxe4 9. Bxe4 Bxe4 10. Qxe4 c6 11. Re1 Be7 12. c3 Nf6 13. Qc2 0-0 14. b3 Qc7 15. Bb2 c5 16. c4 cxd4 17. Bxd4 Bc5 18. Bc3 Ng4 19. Re2 Qb6 20. h3 Nxf2 21. Rxf2 Bxf2+ 22. Qxf2 Qxf2+ 23. Kxf2 Rfd8 24. Ke2 f6 25. Rc1 Kf7 26. Bd4 b6 27. b4 Rac8 28. Be3 Rd7 29. Nd4 Rdc7 30. Nb5 Rd7 31. c5 bxc5 32. bxc5 Kg6 33. c6 Rd5 34. Nxa7 1-0

[Event "Reykjavik op"]
[Site "Reykjavik"]
[Date "2023.04.02"]
[Round "7"]
[White "Densing, Gerd"]
[Black "Magnusson, Thorsteinn"]
[Result "1-0"]
[WhiteElo "1777"]
[BlackElo "1485"]
[PlyCount "65"]
[EventDate "2023.03.29"]
[EventType "swiss"]
[EventRounds "9"]
[EventCountry "ISL"]
[SourceTitle "EXT 2024"]
[Source "ChessBase"]
[SourceDate "2023.10.10"]
[SourceVersion "1"]
[SourceVersionDate "2023.10.10"]
[SourceQuality "1"]

1. d4 d5 2. Nf3 Nf6 3. e3 Bf5 4. Ne5 e6 5. g4 Bg6 6. h4 h6 7. Nxg6 fxg6 8. Bd3 Bd6 9. Bxg6+ Ke7 10. f4 Nc6 11. Nc3 Kd7 12. Bd2 Ne7 13. Bd3 g5 14. Qe2 gxf4 15. exf4 Rg8 16. g5 hxg5 17. hxg5 Ne8 18. 0-0-0 c5 19. dxc5 Bxc5 20. Bb5+ Kc8 21. Qxe6+ Kb8 22. f5 a6 23. Bf4+ Ka7 24. Bxe8 Rxe8 25. Rh7 Rc8 26. Nxd5 Nxd5 27. Qxd5 Qb6 28. Qb3 Qc6 29. Qd5 Qb6 30. Rd7 Re2 31. Bd2 Be3 32. Qb3 Qc6 33. Bxe3+ 1-0

[Event "Eschborn op"]
[Site "Eschborn"]
[Date "2019.08.18"]
[Round "5.22"]
[White "Densing, Gerd"]
[Black "Sever, Mustafa Batuhan"]
[Result "0-1"]
[WhiteElo "1673"]
[BlackElo "2063"]
[PlyCount "80"]
[EventDate "2019.08.16"]
[EventType "swiss"]
[EventRounds "5"]
[EventCountry "GER"]
[SourceTitle "EXT 2024"]
[Source "ChessBase"]
[SourceDate "2023.10.10"]
[SourceVersion "1"]
[SourceVersionDate "2023.10.10"]
[SourceQuality "1"]

1. d4 f5 2. Bg5 g6 3. Nf3 Bg7 4. g3 Nf6 5. Bxf6 Bxf6 6. Bg2 d6 7. 0-0 0-0 8. c3 Nc6 9. Qb3+ Kh8 10. Rd1 e5 11. dxe5 Nxe5 12. Nxe5 Bxe5 13. e3 g5 14. Nd2 f4 15. exf4 gxf4 16. Nf3 Bg7 17. Qd5 Bg4 18. Re1 Rf5 19. Qd3 Qf8 20. Nh4 Rf7 21. Be4 Bf6 22. Ng2 Be5 23. Nh4 Qh6 24. Nf5 Qg5 25. Nh4 c6 26. Nf3 Qh5 27. Nxe5 dxe5 28. Bg2 Raf8 29. Qd6 Rf5 30. Rxe5 fxg3 31. fxg3 R5f6 32. Qd4 Qg6 33. Re7 Kg8 34. Be4 Bf5 35. Re1 c5 36. Bd5+ Kh8 37. Qe5 Bh3 38. Be4 Qg7 39. Bg2 Qh6 40. Rf1 Qe3+ 0-1

[Event "EU-Cup 34th"]
[Site "Porto Carras"]
[Date "2018.10.16"]
[Round "5.6"]
[White "Densing, Gerd"]
[Black "Krasniqi, Avni"]
[Result "0-1"]
[WhiteElo "1776"]
[BlackElo "1821"]
[PlyCount "100"]
[EventDate "2018.10.12"]
[EventType "team-swiss"]
[EventRounds "7"]
[EventCountry "GRE"]
[SourceTitle "CBM 187"]
[Source "ChessBase"]
[SourceDate "2018.12.11"]
[SourceVersion "1"]
[SourceVersionDate "2018.12.11"]
[SourceQuality "1"]
[WhiteTeam "Echternach Sprenger"]
[BlackTeam "Dardania"]
[WhiteTeamCountry "LUX"]
[BlackTeamCountry "KOS"]

1. d4 d5 2. Nf3 Bf5 3. e3 Nf6 4. c4 e6 5. Qb3 Qc8 6. Nc3 c6 7. c5 Nbd7 8. Nh4 Bg6 9. Nxg6 hxg6 10. Be2 Be7 11. 0-0 Qc7 12. f4 g5 13. Qc2 gxf4 14. exf4 b6 15. b4 a5 16. bxa5 bxc5 17. Bd2 cxd4 18. Na4 Ne4 19. Be1 c5 20. Bb5 0-0 21. Bxd7 Qxd7 22. Nb6 Qa7 23. Nxa8 Qxa8 24. f5 e5 25. Rf3 Ng5 26. Rb3 c4 27. Rb5 Ne4 28. Rab1 Rc8 29. Qa4 c3 30. Qc2 Qa7 31. Kh1 Qd7 32. g4 Bc5 33. Rb7 Qc6 34. Rb8 Nd6 35. Rxc8+ Nxc8 36. Bg3 e4 37. h4 Bd6 38. Bxd6 Qxd6 39. Qa4 Qc7 40. Qxd4 Qg3 41. Qxd5 Qd3 42. Qb7 Nd6 43. Qa8+ Kh7 44. Rb8 Qh3+ 45. Kg1 Qxg4+ 46. Kf1 Qxf5+ 47. Ke1 e3 48. Rh8+ Kg6 49. h5+ Kf6 50. Kd1 Qd3+ 0-1

[Event "Reykjavik op"]
[Site "Reykjavik"]
[Date "2018.03.13"]
[Round "8"]
[White "Brunello, Marina"]
[Black "Densing, Gerd"]
[Result "1-0"]
[WhiteElo "2367"]
[BlackElo "1831"]
[PlyCount "71"]
[EventDate "2018.03.06"]
[EventType "swiss"]
[EventRounds "9"]
[EventCountry "ISL"]
[SourceTitle "CBM 183 Extra"]
[Source "ChessBase"]
[SourceDate "2018.04.19"]
[SourceVersion "1"]
[SourceVersionDate "2018.04.19"]
[SourceQuality "1"]

1. e4 e6 2. d4 d5 3. Nd2 h6 4. Bd3 c5 5. dxc5 Bxc5 6. Qg4 Qf6 7. Ngf3 Nc6 8. Qg3 Bd4 9. Nxd4 Nxd4 10. f4 h5 11. c3 Nc6 12. e5 h4 13. Qg4 Nh6 14. exf6 Nxg4 15. fxg7 Rg8 16. h3 Nf6 17. Nf3 Rxg7 18. Kf2 Bd7 19. Nxh4 0-0-0 20. Be3 Ne4+ 21. Bxe4 dxe4 22. g4 Rh8 23. Ng2 f5 24. g5 Rh5 25. h4 b6 26. b4 Ne7 27. Bd4 Rg8 28. c4 Bc6 29. Ke3 Kb7 30. b5 Bd7 31. Bf6 Bxb5 32. Bxe7 Bxc4 33. Rhc1 b5 34. Bf6 Rc8 35. Rd1 Bd3 36. Rac1 1-0

[Event "Gibraltar Amateur op-B"]
[Site "Caleta"]
[Date "2017.01.31"]
[Round "4"]
[White "Densing, Gerd"]
[Black "Diaz Mino, Daniel"]
[Result "0-1"]
[WhiteElo "1807"]
[BlackElo "1658"]
[PlyCount "70"]
[EventDate "2017.01.28"]
[EventType "swiss"]
[EventRounds "5"]
[EventCountry "GGB"]
[SourceTitle "EXT 2018"]
[Source "ChessBase"]
[SourceDate "2017.10.13"]
[SourceVersion "1"]
[SourceVersionDate "2017.10.13"]
[SourceQuality "1"]

1. d4 d5 2. Nf3 e6 3. e3 c5 4. b3 Nc6 5. Bb2 f6 6. Bd3 a6 7. 0-0 Bd6 8. Nh4 g6 9. f4 cxd4 10. exd4 f5 11. g3 Nf6 12. Nd2 Ng4 13. Re1 Bxf4 14. Nxf5 gxf5 15. Bxf5 Qg5 16. Bxg4 Bxd2 17. Bh5+ Kd8 18. Rf1 Qe3+ 19. Kg2 Bd7 20. Qg4 Qg5 21. Qe2 Bb4 22. Rf2 Kc7 23. Raf1 Raf8 24. Bf3 h5 25. c3 Bd6 26. Bc1 Qg6 27. b4 h4 28. g4 b5 29. h3 Bg3 30. a4 Ne7 31. axb5 Bxb5 32. Qa2 Nc6 33. Re2 Bc4 34. Qd2 Qd3 35. Qxd3 Bxd3 0-1

[Event "EU-Cup 32nd"]
[Site "Novi Sad"]
[Date "2016.11.06"]
[Round "1.6"]
[White "Densing, Gerd"]
[Black "Kenneskog, Theodor"]
[Result "0-1"]
[WhiteElo "1806"]
[BlackElo "2332"]
[PlyCount "54"]
[EventDate "2016.11.06"]
[EventType "team-swiss"]
[EventRounds "7"]
[EventCountry "SRB"]
[SourceTitle "CBM 176"]
[Source "ChessBase"]
[SourceDate "2017.01.17"]
[SourceVersion "1"]
[SourceVersionDate "2017.01.17"]
[SourceQuality "1"]
[WhiteTeam "Echternach Sprenger"]
[BlackTeam "Umea Rockaden"]
[WhiteTeamCountry "LUX"]
[BlackTeamCountry "SWE"]

1. d4 Nf6 2. Nf3 g6 3. Nc3 d5 4. Bf4 Bg7 5. e3 0-0 6. Be2 c5 7. 0-0 b6 8. Ne5 Bb7 9. a4 Nc6 10. Bf3 e6 11. Ne2 Rc8 12. c3 Ne7 13. Qb3 Ne8 14. h3 f6 15. Ng4 c4 16. Qc2 g5 17. Bg3 h5 18. Nxf6+ Nxf6 19. Be5 g4 20. Bxf6 gxf3 21. Nf4 Rxf6 22. Nxh5 Rh6 23. g4 Ng6 24. Kh2 Qg5 25. Rg1 Bf8 26. Qd1 Bd6+ 27. Kh1 Rf8 0-1

[Event "Helsingor Xtracon op"]
[Site "Helsingor"]
[Date "2016.07.24"]
[Round "3"]
[White "Wanvik, Tim"]
[Black "Densing, Gerd"]
[Result "0-1"]
[WhiteElo "1479"]
[BlackElo "1814"]
[PlyCount "94"]
[EventDate "2016.07.23"]
[EventType "swiss"]
[EventRounds "10"]
[EventCountry "DEN"]
[SourceTitle "CBM 173 Extra"]
[Source "ChessBase"]
[SourceDate "2016.08.29"]
[SourceVersion "1"]
[SourceVersionDate "2016.08.29"]
[SourceQuality "1"]

1. d4 e6 2. c4 b6 3. e4 Bb7 4. Nc3 Bb4 5. d5 Bxc3+ 6. bxc3 e5 7. Nf3 d6 8. Be2 h6 9. Rb1 Nd7 10. Be3 Ngf6 11. Qc2 0-0 12. h3 Rb8 13. 0-0 Qe7 14. Bd3 Nh5 15. Nh2 Nf4 16. Bxf4 exf4 17. Qd2 Ne5 18. Ng4 a5 19. Bc2 g5 20. Nxh6+ Kh7 21. Nf5 Qf6 22. Qe2 Rh8 23. Nd4 Bc8 24. Nc6 Rb7 25. Nxe5 Qxe5 26. Qf3 Kg7 27. g4 Bd7 28. Kg2 Rbb8 29. Rh1 Rh4 30. Rbg1 Rbh8 31. Kf1 f6 32. Rg2 R8h6 33. Bd1 Qe8 34. Rgh2 Bxg4 35. Qxg4 Rxg4 36. hxg4 Rxh2 37. Rxh2 Qxe4 38. Be2 f3 39. Bd1 Qd3+ 40. Ke1 Qxc3+ 41. Kf1 Qxc4+ 42. Ke1 Qxg4 43. Rh1 Qg2 44. Rh5 Qg1+ 45. Kd2 Qxf2+ 46. Kc1 Qe3+ 47. Kb1 f2 0-1

[Event "Helsingor Xtracon op"]
[Site "Helsingor"]
[Date "2016.07.23"]
[Round "1"]
[White "Bach, Matthias"]
[Black "Densing, Gerd"]
[Result "1-0"]
[WhiteElo "2296"]
[BlackElo "1814"]
[PlyCount "63"]
[EventDate "2016.07.23"]
[EventType "swiss"]
[EventRounds "10"]
[EventCountry "DEN"]
[SourceTitle "CBM 173 Extra"]
[Source "ChessBase"]
[SourceDate "2016.08.29"]
[SourceVersion "1"]
[SourceVersionDate "2016.08.29"]
[SourceQuality "1"]

1. d4 e6 2. Nf3 b6 3. e4 Bb7 4. Bd3 h6 5. c4 Bb4+ 6. Bd2 Bxd2+ 7. Nbxd2 d6 8. 0-0 Ne7 9. b4 0-0 10. d5 e5 11. c5 f5 12. c6 Bc8 13. b5 fxe4 14. Bxe4 Bf5 15. Re1 Ng6 16. Qc2 Bxe4 17. Qxe4 Qf6 18. a4 Ne7 19. a5 bxa5 20. Nc4 Qf4 21. Qd3 Qf7 22. Red1 Qf4 23. Ncd2 Qb4 24. Ne4 a4 25. Rdb1 Qa5 26. Nfd2 Qb6 27. Rxa4 Kh8 28. h3 Ng6 29. Nc4 Qd4 30. Qxd4 exd4 31. b6 Nxc6 32. b7 1-0

[Event "Goch op 26th"]
[Site "Goch"]
[Date "2015.09.06"]
[Round "7"]
[White "Densing, Gerd"]
[Black "Roth, Jan Paul"]
[Result "1-0"]
[WhiteElo "1912"]
[BlackElo "1723"]
[PlyCount "99"]
[EventDate "2015.09.03"]
[EventType "swiss"]
[EventRounds "7"]
[EventCountry "GER"]
[SourceTitle "EXT 2018"]
[Source "ChessBase"]
[SourceDate "2017.10.13"]
[SourceVersion "1"]
[SourceVersionDate "2017.10.13"]
[SourceQuality "1"]

1. d4 d5 2. Nf3 Nf6 3. e3 e6 4. Bd3 Bd6 5. 0-0 Nbd7 6. b3 0-0 7. Bb2 Qe7 8. Ne5 c5 9. f4 Nb6 10. Nd2 c4 11. bxc4 Na4 12. Qc1 Nxb2 13. Qxb2 dxc4 14. Ndxc4 b6 15. Nxd6 Qxd6 16. c4 Bb7 17. Qe2 Ne4 18. Qc2 f5 19. Bxe4 Bxe4 20. Qb3 Rf6 21. Rac1 Rh6 22. Rc3 Qe7 23. g3 Rd8 24. Qa3 Qe8 25. h4 Qh5 26. Kf2 Rf6 27. Qe7 Re8 28. Qd7 h6 29. c5 Ref8 30. cxb6 axb6 31. Rc7 Rg6 32. Rc8 Rxc8 33. Qxc8+ Kh7 34. Qe8 Rg5 35. Qxh5 Rxh5 36. Rc1 g5 37. Rc7+ Kg8 38. fxg5 hxg5 39. Nf3 Bxf3 40. Kxf3 gxh4 41. gxh4 Rxh4 42. Rb7 Rh2 43. Rxb6 Kf7 44. a4 Ra2 45. Ra6 Ke7 46. a5 Kd7 47. Ra8 Kc6 48. a6 Kc7 49. a7 Kd7 50. Rh8 1-0

[Event "Goch op 26th"]
[Site "Goch"]
[Date "2015.09.06"]
[Round "6"]
[White "Marschall, Tillmann"]
[Black "Densing, Gerd"]
[Result "1/2-1/2"]
[WhiteElo "1444"]
[BlackElo "1912"]
[PlyCount "103"]
[EventDate "2015.09.03"]
[EventType "swiss"]
[EventRounds "7"]
[EventCountry "GER"]
[SourceTitle "EXT 2018"]
[Source "ChessBase"]
[SourceDate "2017.10.13"]
[SourceVersion "1"]
[SourceVersionDate "2017.10.13"]
[SourceQuality "1"]

1. e4 e6 2. d4 d5 3. Nc3 dxe4 4. Nxe4 Nd7 5. Nf3 Ngf6 6. Nxf6+ Nxf6 7. Bd3 c5 8. Bf4 cxd4 9. Nxd4 a6 10. Nf3 Be7 11. 0-0 0-0 12. c3 Qb6 13. Qc2 h6 14. Rfe1 Bd7 15. Ne5 Rfd8 16. Rad1 Rac8 17. Nc4 Qc5 18. Be3 Qh5 19. Be2 Ng4 20. Bf4 Qh4 21. Bg3 Qg5 22. Nb6 Bc6 23. Nxc8 Rxc8 24. Qc1 Qf5 25. Qf4 Qxf4 26. Bxf4 Nf6 27. Bd6 Bd8 28. c4 Bb6 29. c5 Ba5 30. Rf1 Bd5 31. f3 Bb4 32. b3 Bc6 33. Bc4 Ne8 34. Be5 Bxc5+ 35. Bd4 Bb4 36. Bb6 Nd6 37. Rc1 Kf8 38. Rfd1 Ke7 39. Be2 Ba3 40. Rc2 Bb4 41. Bc5 Bxc5+ 42. Rxc5 Nf5 43. Kf2 f6 44. g4 Nd6 45. Rdc1 Kd7 46. Ke3 e5 47. Bd3 Rc7 48. Be4 Nxe4 49. fxe4 Ke7 50. Rd1 Rc8 51. Rc2 Rh8 52. Rg2 1/2-1/2

[Event "Goch op 26th"]
[Site "Goch"]
[Date "2015.09.05"]
[Round "5"]
[White "Densing, Gerd"]
[Black "Anders, Hartmut"]
[Result "1/2-1/2"]
[WhiteElo "1912"]
[BlackElo "1787"]
[PlyCount "77"]
[EventDate "2015.09.03"]
[EventType "swiss"]
[EventRounds "7"]
[EventCountry "GER"]
[SourceTitle "EXT 2018"]
[Source "ChessBase"]
[SourceDate "2017.10.13"]
[SourceVersion "1"]
[SourceVersionDate "2017.10.13"]
[SourceQuality "1"]

1. d4 d5 2. Nf3 Nf6 3. e3 Bf5 4. Ne5 Nbd7 5. f4 e6 6. h3 Ne4 7. Nf3 Ng3 8. Rg1 Nf6 9. Bd3 Nfe4 10. Nbd2 Be7 11. Nf1 Bh4 12. Bxe4 Bxe4 13. Nxh4 Qxh4 14. Nxg3 Qxg3+ 15. Kf1 h5 16. Qe2 0-0-0 17. c3 h4 18. Qf2 f6 19. Qxg3 hxg3 20. Ke2 f5 21. Bd2 g5 22. fxg5 Rdg8 23. Raf1 Rxg5 24. Rf4 Kd7 25. b3 c6 26. c4 a6 27. c5 Rh7 28. Rff1 Kc8 29. Rc1 Rgg7 30. Rc3 Rg8 31. b4 Kc7 32. a4 Rgg7 33. a5 Kb8 34. Kf1 Rh4 35. Rb3 Kc7 36. Rb2 Bd3+ 37. Ke1 Re4 38. Kd1 Rh4 39. Be1 1/2-1/2

[Event "Goch op 26th"]
[Site "Goch"]
[Date "2015.09.03"]
[Round "1"]
[White "Densing, Gerd"]
[Black "Pauly, Carlo"]
[Result "0-1"]
[WhiteElo "1912"]
[BlackElo "2282"]
[PlyCount "64"]
[EventDate "2015.09.03"]
[EventType "swiss"]
[EventRounds "7"]
[EventCountry "GER"]
[SourceTitle "EXT 2018"]
[Source "ChessBase"]
[SourceDate "2017.10.13"]
[SourceVersion "1"]
[SourceVersionDate "2017.10.13"]
[SourceQuality "1"]

1. d4 Nf6 2. Nf3 g6 3. Nc3 d5 4. Bf4 Bg7 5. e3 0-0 6. Be2 c5 7. 0-0 Nc6 8. Nb5 a6 9. Na3 b5 10. c3 Qb6 11. Nc2 Bf5 12. Ne5 Rac8 13. dxc5 Qxc5 14. Nxc6 Qxc6 15. Nd4 Qd7 16. Be5 h5 17. a3 Ne4 18. Bxg7 Kxg7 19. Nxf5+ Qxf5 20. Bd3 Rfd8 21. f3 Qg5 22. Qe2 Nc5 23. Rad1 e5 24. Bb1 h4 25. Ba2 h3 26. g3 f5 27. Bxd5 f4 28. exf4 exf4 29. Qd2 Nb3 30. Qc2 Rxd5 31. Qxb3 fxg3 32. Qc2 Qe3+ 0-1